000 00661nam a2200217Ia 4500
003 GCL
008 140319s9999 xx 000 0 ara d
040 _aGCL /
_cGCL
082 0 4 _aط
_b813.01
_bى ح
100 1 _aيوسف الشريف
245 1 0 _aكنتو وقانون الحب /
_cيوسف الشريف
700 1 _aحسين غابة (رسوم)
260 _a[S.N] :
_bالدار العربية للكتاب ،
_c1988
300 _a32 ص
490 _aحكايات الشعوب
_v0
650 0 4 _aالاطفال
650 0 4 _aالقصص العربية القصيرة
650 0 4 _aالقصص
650 0 4 _aقصص الاطفال
942 _2ddc
_cBK
999 _c57644
_d57644